000 00464nam a2200157Ia 4500
999 _c30946
_d30946
003 OSt
005 20200727124021.0
008 190216s9999||||xx |||||||||||||| ||und||
040 _coclc
082 _a514.2
_bBOR/I
100 _aBorisovich, Y U
_93782
245 0 _aIntroduction To Topology /
_c Y U Borisovich ; N Bliznyakov
260 _bMir Publishers,
_c1985.
_aMoscow:
300 _a316p
942 _cBK
_2ddc
_h514.2
_iBOR/I
_k514.2
_mBOR/I